000 00993nam a2200289Ia 4500
005 20260324115234.0
008 008 260324s9999 xx 000 0 eng d
020 _a9780429280702
037 _aEBOOK
040 _aCRL
040 _beng
040 _cCRL
041 _2eng
041 _aeng
084 _qCRL
100 _aRilus Kinseng; Djuara Lubis; Annisa Seminar; Arya Dharmawan
_91153898
245 0 _aRural Socio-Economic Transformation: Agrarian, Ecology, Communication and Community, Development Perspectives
245 0 _bProceedings of the International Confernece on Rural Socio-Economic Transformation: Agrarian, Ecology, Communication and Community Development Perspectives (RUSET 2018), November 14-15, 2018, Bogor, West Java, Indonesia
260 _bTaylor and Francis
260 _c2019
365 _a
365 _b275
856 _uhttp://www.taylorfrancis.com/books/9780429280702
942 _cEBOOK
999 _c1744626
_d1744626